PISA-tulosten kärkimaat kartalla - Statistics

Yleistilastot
  • Tätä visaa on pelattu 50 kertaa
  • Keskiarvotulos 9 / 13
Vastaukset kartalla
Vastauksille on annettu kartalla punavihreä väri sen mukaan, kuinka moni on saanut sen oikein.
 
Vastaustilastot
% Oikein
Suomi
100%
Japani
88%
Norja
88%
Kiina
80%
Viro
80%
Etelä-Korea
78%
Kanada
78%
Irlanti
68%
Uusi-Seelanti
65%
Sveitsi
63%
Taiwan
43%
Singapore
40%
Vietnam
23%
Ehtoja vastaavia visoja ei löytynyt
Tulosjakauma
Jokaisen tuloksen saaneiden osuus
Persentiili vastausten määrän mukaan
Tuloshistoriasi
Et ole pelannut tätä visaa